Homenaje a San Juan de la Cruz en el IV centenario de su nacimiento (1542 - 1942) : estudio crítico por Luis Mª Soler y catálogo de la exposición bibliográfica celebrada con motivo del donativo hecho a la biblioteca por dicho señor en 1941 estudio crítico por Luis Mª Soler y catálogo de la exposición bibliográfica celebrada con motivo del donativo hecho a la biblioteca por dicho señor en 1941
Descripción Física:
110 p. : il. ; 24 cm
Otros Autores:
Soler Terol, Lluís Ma
MARC
| LEADER | 00000nam a2200000Ia 4500 | ||
|---|---|---|---|
| 001 | 8667 | ||
| 008 | 160829s1945 xx 000 0 cat d | ||
| 080 | |a F-1-38 | ||
| 245 | |a Homenaje a San Juan de la Cruz en el IV centenario de su nacimiento (1542 - 1942) : |b estudio crítico por Luis Mª Soler y catálogo de la exposición bibliográfica celebrada con motivo del donativo hecho a la biblioteca por dicho señor en 1941 | ||
| 260 | |a Barcelona : |b Diputación Provincial de Barcelona, Biblioteca Central, |c 1945 | ||
| 300 | |a 110 p. : |b il. ; |c 24 cm | ||
| 650 | |a Joan de la Creu, Sant |x Bibliografia |x Exposicions |9 34094 | ||
| 700 | |a Soler Terol, Lluís Ma. |9 46851 |e editor | ||
| 710 | 2 | |9 54533 |a Biblioteca Central (Barcelona, Catalunya) | |
| 901 | |a Arxiu | ||
| 942 | |n 1 |2 udc | ||
| 952 | |0 0 |1 0 |4 0 |6 F138 |7 1 |9 46384 |a Arxiu |b Arxiu |d 2016-12-01 |l 0 |o F-1-38 |p 8667 |r 2016-12-01 00:00:00 |w 2016-12-01 |y ARXIU | ||
| 999 | |c 50169 |d 50169 | ||